Normal view
MARC view
- التاريخ الاسلامي-تاريخ العرب- المماليك 1517-1250
Entry Topical Term
001 - CONTROL NUMBER
- control field: 60173
003 - CONTROL NUMBER IDENTIFIER
- control field: JO-AjAnu
005 - DATE AND TIME OF LATEST TRANSACTION
- control field: 20230606083833.0
008 - FIXED-LENGTH DATA ELEMENTS
- fixed length control field: 230606|| aca||aabn | a|a d
040 ## - CATALOGING SOURCE
- Original cataloging agency: JO-AjAnu
- Transcribing agency: JO-AjAnu
150 ## - HEADING--TOPICAL TERM
- Topical term or geographic name entry element: التاريخ الاسلامي-تاريخ العرب- المماليك 1517-1250
670 ## - SOURCE DATA FOUND
- Source citation: Work cat.: (JO-AjAnu)30687: تأليف: حسن،صفوان طه, author 60172, تاريخ الايوبيين والمماليك